00383 2200157 4500245005800000020002300058250001000081100001800091650001900109005001900128260003800147041001400185084000800199300000900207336000900216 aEnglish Power I am Brave Class XcDrs.Syaiful MhText a978-623-977784-3-9 acet.1 aDrs.Syaiful M aBahasa Inggris a20250113082021 aJakartabUsaha Buku Rorotanc2021 aIndonesia a420 a65 : atext